000 00951nam a22002657a 4500
999 _c81
_d81
003 AR-CdUCM
008 190221b ||||| |||| 00| 0 spn d
020 _a9972510174
040 _aMUNICIPALIDAD PROVINCIAL DEL CUSCO
_cBIBLIOTECA MUNICIPAL DEL CUSCO
082 _a985.08 /
_bR84
100 _aRostworowski, María
_9377
245 _aEnsayos de Historia Andina II :
_bPampa de Nasca, genero, hechicería
_cRostworowski, María
260 _aLima :
_bInstituto de estudios peruanos ,
_c1998
300 _a246 paginas
_bil.
_c28cm
440 _aHistoria Andina
_n22
_9378
505 _aOrigen religioso de los dibujos y rayas de nazca -- La mujer en el Perú prehispanico -- Un caso de hechicería en los Reyes en 1547
650 _aPerú
_935
650 _aHechiceria
_9379
650 _aHistoria
_9136
650 _aEpoca Colonial
_9380
650 _aImpuestos
_9381
650 _aEconomia
_9382
942 _2ddc
_cLIBROS
945 _apjha
_d2019-02-21